000 00717nam a22002057a 4500
003 LK-CoMWRAF
005 20240105102223.0
008 240105b2010 |||||||| |||| 00| 0 eng d
040 _aLK-CoMWRAF
_dLK-CoMWRAF
_eLK-CoMWRAF
041 _aeng
082 _a305.42
_bBAT
100 _a Batliwala, Srilatha
245 _aFeminist leadership for social transformation :
_b clearing the conceptual cloud
260 _aNew Delhi:
_b Creating Resources for Empowerment in Action ,
_c2010
300 _a 79 p. ; 28 cm
650 _aFEMINISM
650 _aLeadership in women
856 _uhttps://creaworld.org/wp-content/uploads/2020/11/feminist-leadership-clearing-conceptual-cloud-srilatha-batliwala.pdf
942 _cBK
999 _c4589
_d4589